00731nam a2200205 i 4500001000700000003000900007005001700016007000300033008004100036080002300077100003900100245009800139250001500237260003800252300002200290600004000312852003200352999001900384952012200403135281ES-MaACL20230906194840.0t|070713s1973 sp ||||1| cat d a92 Jaime (465.2) I1 aTona i Nadalmai, Abelardo.911056510aMinyonia del bon rei Jaume El Conqueridor, la dona i la llegenda /cAbelardo Tona i Nadalmai. a[1ª ed.]. a[Barcelona : bPáortic, c1973] a252 p. ; c18 cm.04aJaime bI cRey de Aragón.965934 aES-MaACLjC-55731 bR.88194 c135281d135281 00104070aATENEOMbATENEOMcDEPO2d2008-01-17eSCl0oC-55731p1140803r2023-02-23 00:00:00w2023-02-23yMONOGRAFIA